=LDR 00000nam 2200000 4500 =001 INLIS000000000000592 =005 20200907030852 =035 ##$$a 0010-061300000000592 =008 200907################g##########0#ind## =041 ##$$a Ind =082 ##$$a 302.3 =090 ##$$a 302.3 Fle n =100 ##$$a Fleming, Peter =245 1#$$a Negosiasi yang sukses : $b dalam sepekan /$c Peter Fleming, penterjemah Anton Adiwiyoto =260 ##$$a Jakarta :$b MegaPoint,$c 1995 =300 ##$$a 99 hlm. : $b Ilus. ; $c 19 x 13 cm. =650 #4$$a Negosiasi =700 #$$a Adiwiyoto, Anton =850 ##$$a NBPNMAT =020 ##$$a 979-8295-90-1 =084 ##$$a 302.3 FLE n =250 ##$$a cet.2 =990 ##$$a DW99002171 =990 ##$$a 100.497/Pro-96 =990 ##$$a 30501589 =990 ##$$a 30501590 =990 ##$$a 30501591 =990 ##$$a 30501592 =990 ##$$a 20702978